[Event "GER-ch U10"]
[Site "Magdeburg"]
[Date "2014.06.12"]
[Round "8"]
[White "Gruenwald, Max"]
[Black "Doan, Lam Phuc"]
[Result "0-1"]
[WhiteElo "1340"]
[BlackElo "1145"]
[PlyCount "54"]
[EventDate "2014.06.08"]
[EventType "swiss"]
[EventRounds "11"]
[EventCountry "GER"]
[SourceTitle "CBM 160 Extra"]
[Source "ChessBase"]
[SourceDate "2014.07.01"]
[SourceVersion "1"]
[SourceVersionDate "2014.07.01"]
[SourceQuality "1"]

1. e4 c5 2. b4 cxb4 3. d4 d5 4. exd5 Qxd5 5. c4 bxc3 6. Nxc3 Qd8 7. Nf3 Nf6 8. Bc4 g6 9. 0-0 Bg7 10. Ng5 e6 11. Be3 0-0 12. d5 Nxd5 13. Bxd5 exd5 14. Rc1 Nc6 15. Nxd5 Qa5 16. Qb3 h6 17. Rxc6 bxc6 18. Ne7+ Kh8 19. Nxf7+ Kh7 20. Qc2 Bf5 21. Qxc6 Qc3 22. Qd5 Qd3 23. Qc6 Bd7 24. Qf3 Be6 25. Rd1 Qa6 26. g4 Bxf7 27. g5 h5 0-1

[Event "GER-ch U10"]
[Site "Magdeburg"]
[Date "2014.06.09"]
[Round "3"]
[White "Doan, Lam Phuc"]
[Black "Meinschien, Finn"]
[Result "1/2-1/2"]
[WhiteElo "1145"]
[BlackElo "1300"]
[PlyCount "93"]
[EventDate "2014.06.08"]
[EventType "swiss"]
[EventRounds "11"]
[EventCountry "GER"]
[SourceTitle "CBM 160 Extra"]
[Source "ChessBase"]
[SourceDate "2014.07.01"]
[SourceVersion "1"]
[SourceVersionDate "2014.07.01"]
[SourceQuality "1"]

1. e4 e5 2. Nf3 Nc6 3. Nc3 Nf6 4. d3 Bc5 5. Nxe5 Nxe5 6. d4 Bd6 7. dxe5 Bxe5 8. Bd3 Bd4 9. 0-0 d6 10. Be3 Bb6 11. Nd5 Nxd5 12. exd5 0-0 13. Re1 Bxe3 14. Rxe3 b6 15. c4 Qf6 16. Qe2 Bd7 17. Re1 g6 18. b3 Rae8 19. Re7 Rxe7 20. Qxe7 Qxe7 21. Rxe7 Rd8 22. Kf1 Kf8 23. Re3 Re8 24. Ke2 Rxe3+ 25. Kxe3 Ke7 26. Kf4 Kf6 27. h4 h6 28. Ke3 Bf5 29. Be4 Bxe4 30. Kxe4 Kg7 31. g4 f6 32. h5 f5+ 33. gxf5 gxh5 34. Kf4 Kf6 35. f3 a5 36. Kg3 Kxf5 37. Kh4 Kf4 38. Kxh5 Kxf3 39. Kxh6 Ke3 40. Kg6 Kd3 41. Kf6 Kc3 42. Ke7 Kb2 43. Kd7 Kxa2 44. Kxc7 Kxb3 45. Kxd6 a4 46. Kc6 a3 47. d6 1/2-1/2

[Event "GER-ch U10"]
[Site "Magdeburg"]
[Date "2014.06.08"]
[Round "1"]
[White "Asadzade, Idris"]
[Black "Doan, Lam Phuc"]
[Result "1-0"]
[WhiteElo "1448"]
[BlackElo "1145"]
[PlyCount "115"]
[EventDate "2014.06.08"]
[EventType "swiss"]
[EventRounds "11"]
[EventCountry "GER"]
[SourceTitle "CBM 160 Extra"]
[Source "ChessBase"]
[SourceDate "2014.07.01"]
[SourceVersion "1"]
[SourceVersionDate "2014.07.01"]
[SourceQuality "1"]

1. d4 d5 2. c4 e6 3. Nc3 Nf6 4. Bg5 Be7 5. e3 Nc6 6. Nf3 Bd7 7. cxd5 Nxd5 8. Bxe7 Qxe7 9. Rc1 0-0-0 10. Nxd5 exd5 11. Qc2 f6 12. Be2 Bg4 13. 0-0 g6 14. h3 Bf5 15. Qa4 Qb4 16. Qxb4 Nxb4 17. a3 Nd3 18. Bxd3 Bxd3 19. Rfd1 Be4 20. Rc3 Bxf3 21. gxf3 Rhe8 22. Rdc1 c6 23. b4 a6 24. a4 Kb8 25. Rb1 Rc8 26. Kg2 Ka7 27. Kg3 Rf8 28. f4 g5 29. f5 h5 30. Rh1 Rce8 31. f3 Rf7 32. Kf2 h4 33. Rb1 b5 34. axb5 axb5 35. Rxc6 Rfe7 36. Rb3 Rf8 37. Rd6 Rc7 38. Rb2 Rc1 39. Rxd5 Rh1 40. Kg2 Re1 41. e4 Kb6 42. Rc5 Rd8 43. d5 Rd6 44. Rc8 Ra1 45. Rcc2 Ra4 46. Re2 Ra8 47. Rbd2 Re8 48. Re3 Rc8 49. e5 fxe5 50. Rxe5 Rf8 51. Re6 Rxe6 52. fxe6 Kc7 53. d6+ Kc6 54. d7 Rd8 55. e7 Rxd7 56. e8Q Kb7 57. Rxd7+ Ka6 58. Qe6# 1-0